Tallest Cities in Connecticut - Statistics

General Stats
  • This quiz has been taken 23 times
    11 since last reset
  • The average score is 4 of 5
Answer Stats
Tallest Buildings Height Answer % Correct
City Place 1 535 Feet/ 163 Meters Hartford
100%
Connecticut Financial Center 383 Feet/ 117 Meters New Haven
88%
Trump Parc 350 feet/ 107 Meters Stamford
88%
Mohegan Sun Sky Tower 486 Feet/ 149 meters Montville/Uncasville
50%
Foxwoods 325 Feet/ 99 Meters Ledyard
38%
No matching quizzes found
Score Distribution
Percent of People with Each Score
Percentile by Number Answered
Your Score History
You have not taken this quiz since the last reset